Score 0/40 Timer 04:00
2 Plays Today
% Correct
ball
88.4%
boot
83.8%
beet
81.9%
beer
81.4%
boom
81.1%
bill
80.8%
boon
80.7%
been
80.5%
bass
80.4%
bees
78.4%
beep
77.4%
boor
77%
bull
76.6%
boos
76.3%
book
74.6%
bell
73.9%
butt
73.6%
batt
70.5%
beef
69.2%
boob
68.7%
% Correct
buss
66.6%
burr
61.9%
boll
61.2%
baff
57.2%
bitt
57.1%
boss
54.9%
buzz
53.4%
buff
52.6%
biff
52.1%
bunn
52%
baal
51.6%
baas
50.2%
bott
44%
birr
43.1%
bibb
38.1%
bazz
37.8%
boff
35.6%
bree
34.2%
broo
26.9%
brrr
10.9%
Remove Ads.
Support Sporcle.
Get the best of Sporcle when you Go Orange. This ad-free experience offers more features, more stats, and more fun while also helping to support Sporcle. Thank you for becoming a member.

You're not logged in!

Compare scores with friends on all Sporcle quizzes.
OR
Log In

Show Comments

Extras

Top Quizzes Today


Score Distribution

Your Account Isn't Verified!

In order to create a playlist on Sporcle, you need to verify the email address you used during registration. Go to your Sporcle Settings to finish the process.

Report this User

Report this user for behavior that violates our Community Guidelines.

Details: